00929nam a22002417a 4500003000500000005001700005008004100022020001800063040000900081041000800090090002200098245008500120260005300205300002200258610003300280650003300313700002800346850000900374942001400383998012300397999001700520952015000537NALT20210507190904.0 s2008 -uk eng d a9780521869904 aNALT aeng aKK 46.5bA37 200800aAgreeing and implementing the Doha round of the WTO /cedited by Harald Hohmann. aCambridge : bCambridge University Press, c2008 a504 p. ;c 23 cm.20929aWorld Trade Organization 0aForeign trade regulation9311 952216aHohmann, Harald. aNALT cLB2local bแสงอรุณ อนุเคราะห์c103j109k อารีรัตน์ วิชาช่าง c59009d59009 001040708CLAWaNALTbNALTeจัดซื้อทรัพยากรl0oKK 46.5 A37 2008p3961177792r2017-06-09 00:00:00w2017-06-09yLB